000 00365 a2200181 4500
260 _aParis
260 _béd. Marketing
245 _aRéanimation
650 _aREANIMATION
100 _aMercat, A.
260 _c1994
300 _a80 p.
035 _a8538
035 _a8537
999 _c18275
_d18275